Manual de derecho privado : Tomo I /

Guardado en:
Autor Principal: Kemelmajer de Carlucci, Aida
Otros Autores: Boretto, Mauricio
Formato: Desconocido
Idioma:Spanish
Publicado: Buenos Aires : Eudeba, 2017.
Edición:1a. ed.
Series:Manuales de derecho
Materias:
Etiquetas: Agregar Etiqueta
Sin Etiquetas, Sea el primero en etiquetar este registro!
LEADER 00638nac a22001935a 4500
001 DER.der013555
008 180615s2017####ag#||||||||||||||#||spa||
005 20251217104746.0
245 1 0 |a Manual de derecho privado :  |b Tomo I /  |c Aida Kemelmajer de Carlucci, Mauricio Boretto. 
250 |a 1a. ed. 
260 |a Buenos Aires :  |b Eudeba,  |c 2017. 
300 |a 228 p. 
490 1 |a Manuales de derecho 
020 |a 9789502327068 
100 1 |a Kemelmajer de Carlucci, Aida 
700 1 |a Boretto, Mauricio 
650 7 |a DERECHO PRIVADO 
859 |a DERECHO  |b BIB. DERECHO  |h 346  |i KEM  |p 008562  |3 Tomo I 
859 |a DERECHO  |b BIB. DERECHO  |h 346  |i KEM  |p 008563  |t 1  |3 Tomo I